|
|
|
|
| LEADER |
00000nab a2200000 ar4500 |
| 001 |
vtls009092500 |
| 003 |
SK-MaSNL |
| 005 |
20260303225632.0 |
| 008 |
070907c2002 xo |||||||||||000 b|slo |
| 015 |
|
|
|a SNBRA2007/09
|2 snkbucl
|
| 038 |
|
|
|a SNKBUCL
|
| 040 |
|
|
|a SNKBUCL
|b slo
|c SNKBUCL
|e AACR2
|
| 041 |
0 |
|
|a slo
|b eng
|
| 044 |
|
|
|a xo
|c SK
|
| 080 |
|
|
|a 621.791.754.05.011:536.4:539.319
|2 2001
|
| 080 |
|
|
|a 536.4
|2 2001
|
| 080 |
|
|
|a 539.319
|2 2001
|
| 080 |
|
|
|a 669.14
|2 2001
|
| 100 |
1 |
|
|a Mäsiar, Harold,
|d 1945-
|4 aut
|9 210248
|
| 245 |
1 |
0 |
|a Modelovanie vplyvu množstva privedeného tepla do zvarového kúpeľa a rýchlosť jeho odvodu na kvalitu zvarového spoja a veľkosť zvyškových napätí pri zváraní ocele
|c Harold Mäsiar, Daniela Antalová, Igor Barényi
|
| 246 |
3 |
1 |
|a Simulation of influence injected head to welding bath and its eduction speed on weld joint quality and residual stresses intensity by welding of steel
|
| 300 |
|
|
|b Graf, sch., tab.
|
| 504 |
|
|
|a Bibliogr. odkazy
|
| 546 |
|
|
|a Res. angl.
|
| 650 |
0 |
7 |
|a ocele
|2 snkbucl
|9 354439
|
| 650 |
0 |
7 |
|a oblúkové zváranie v ochrannej atmosfére
|2 snkbucl
|9 50959
|
| 650 |
0 |
7 |
|a teplota
|2 snkbucl
|9 15009
|
| 650 |
0 |
7 |
|a zvyškové napätie
|2 snkbucl
|9 420075
|
| 650 |
0 |
7 |
|a zvarové spoje
|2 snkbucl
|9 31821
|
| 700 |
1 |
|
|a Antalová, Daniela
|4 aut
|9 652794
|
| 700 |
1 |
|
|a Barényi, Igor
|4 aut
|9 424757
|
| 773 |
0 |
|
|t Vedecké práce a štúdie. Fakulta špeciálnej techniky, Trenčianska univerzita Alexandra Dubčeka v Trenčíne 2, 2002
|d Trenčín : GC-TECH, 2002
|g S. 102-118
|z 808891499X
|
| 852 |
|
|
|a SNK
|b KIS3GCP
|
| 958 |
|
|
|a NB
|
| 999 |
|
|
|c 2257721
|d 2259651
|